000 00292nam a22001337a 4500
008 170612b xxu||||| |||| 00| 0 eng d
020 _a9780375412356
041 _aeng
080 _a93
100 _a19
101 _aSHP
245 _aMONUMENTAL PROPAGANDA
_cVOINOVICH, C
942 _2udc
_cBK
999 _c16970
_d16970